书目信息 |
| 题名: |
电磁场与微波技术
|
|
| 作者: | 任伟 , 赵家升 编著 | |
| 分册: | ||
| 出版信息: | 北京 电子工业出版社 2005.3 |
|
| 页数: | XI,288页 | |
| 开本: | 26cm | |
| 丛书名: | ||
| 单 册: | ||
| 中图分类: | O441.4-43 , TN015-43 | |
| 科图分类: | ||
| 主题词: | 电磁场--dian ci chang--高等学校--教材 , 微波技术--wei bo ji shu--高等学校--教材 , 电磁场--dian ci chang , 微波技术--wei bo ji shu | |
| 电子资源: | ||
| ISBN: | 7-121-00941-2 | |
| 000 | 01126nam0 2200313 45 | |
| 001 | 012005000000 | |
| 005 | 20051207083440.70 | |
| 010 | @a7-121-00941-2@dCNY24.50 | |
| 100 | @a20050510d2005 em y0chiy0121 ea | |
| 101 | 0 | @achi |
| 102 | @aCN@b110000 | |
| 105 | @afk z 000yy | |
| 200 | 1 | @a电磁场与微波技术@Adian ci chang yu wei bo ji shu@f任伟,赵家升编著 |
| 210 | @a北京@c电子工业出版社@d2005.3 | |
| 215 | @aXI,288页@c图@d26cm | |
| 300 | @a新编电气与电子信息类本科规划教材 专业基础课教材 | |
| 320 | @a有书目(第287-288页) | |
| 330 | @a本书共分八章,主要内容包括:时变电磁场基础、平面电磁波基础、传输线理论、波导与谐振腔、平面、圆柱及圆球波函数、微波滤波器、天线基础等。 | |
| 333 | @a阅读对象:高等院校相关专业师生、工程技术人员 | |
| 606 | 0 | @a电磁场@Adian ci chang@x高等学校@j教材 |
| 606 | 0 | @a微波技术@Awei bo ji shu@x高等学校@j教材 |
| 606 | 0 | @a电磁场@Adian ci chang |
| 606 | 0 | @a微波技术@Awei bo ji shu |
| 690 | @aO441.4-43@v4 | |
| 690 | @aTN015-43@v4 | |
| 701 | 0 | @a任伟@Aren wei@4编著 |
| 701 | 0 | @a赵家升@Azhao jia sheng@4编著 |
| 801 | 0 | @aCN@bSRXX@c20051207 |
| 905 | @a10447@dO441.4-43@eR553 | |
| 电磁场与微波技术/任伟,赵家升编著.-北京:电子工业出版社,2005.3 |
| XI,288页:图;26cm |
| 新编电气与电子信息类本科规划教材 专业基础课教材.-使用对象:阅读对象:高等院校相关专业师生、工程技术人员 |
| ISBN 7-121-00941-2:CNY24.50 |
| 本书共分八章,主要内容包括:时变电磁场基础、平面电磁波基础、传输线理论、波导与谐振腔、平面、圆柱及圆球波函数、微波滤波器、天线基础等。 |
| ● |
| 相关链接 |
|
|
|
正题名:电磁场与微波技术
索取号:O441.4-43/R553
 
预约/预借
| 序号 | 登录号 | 条形码 | 馆藏地/架位号 | 状态 | 备注 |
| 1 | 546762 | 205467626 | 自科库401/401自科库 58排7列2层/ [索取号:O441.4-43/R553] | 在馆 | |
| 2 | 546763 | 205467635 | 自科库401/401自科库 58排7列2层/ [索取号:O441.4-43/R553] | 在馆 | |
| 3 | 546764 | 205467644 | 自科库401/401自科库 58排7列2层/ [索取号:O441.4-43/R553] | 在馆 |